[Event "GER-ch Rapid Amateurs"]
[Site "Dinkelsbuehl"]
[Date "2023.11.12"]
[Round "9"]
[White "Sattler, Stefan"]
[Black "Giraud, Valerian"]
[Result "1-0"]
[WhiteElo "2075"]
[BlackElo "2080"]
[PlyCount "143"]
[EventDate "2023.11.11"]
[EventType "swiss (rapid)"]
[EventRounds "9"]
[EventCountry "GER"]
[SourceTitle "CB47_2023"]
[SourceDate "2023.11.22"]
[SourceVersion "1"]
[SourceVersionDate "2023.11.22"]
[SourceQuality "1"]

1. e4 e6 2. d4 d5 3. Nc3 Bb4 4. exd5 exd5 5. Qf3 Nc6 6. Be3 Nf6 7. h3 Ne4 8. Nge2 0-0 9. a3 Bxc3+ 10. Nxc3 f5 11. g3 Be6 12. h4 Qd7 13. Ne2 Na5 14. Nf4 Bf7 15. Bd3 Rae8 16. 0-0 Kh8 17. h5 g5 18. hxg6 hxg6 19. Kg2 Kg7 20. Nh3 Nc4 21. Bc1 Rh8 22. Rh1 Rh7 23. b3 Ncd6 24. Bf4 Kf6 25. Be5+ Ke7 26. Nf4 Rxh1 27. Rxh1 g5 28. Nh5 g4 29. Qf4 Qe6 30. Ng7 Qd7 31. Nxe8 Kxe8 32. Rh8+ Ke7 33. Qh6 Qe6 34. Qf8+ Kd7 35. Rh7 Qe7 36. Qxe7+ Kxe7 37. Bxe4 dxe4 38. Bxd6+ cxd6 39. Kf1 Kf6 40. Ke2 a6 41. Ke3 Bd5 42. Kf4 Bc6 43. Rh6+ Kg7 44. Rxd6 e3 45. fxe3 Be4 46. c4 Kf7 47. d5 b5 48. c5 Ke7 49. Ke5 a5 50. Ra6 a4 51. bxa4 bxa4 52. Rxa4 Bd3 53. Ra7+ Kd8 54. c6 Bb5 55. Kd6 Ke8 56. Kc5 f4 57. exf4 Bd3 58. d6 Bf5 59. Ra8+ Kf7 60. c7 Kg6 61. c8Q Bxc8 62. Rxc8 Kf5 63. Re8 Kg6 64. Re5 Kf6 65. d7 Kf7 66. d8R Kf6 67. Rd6+ Kf7 68. Kd4 Kg7 69. Re7+ Kf8 70. Ra7 Ke8 71. Rh6 Kd8 72. Rh8# 1-0

[Event "GER-ch Rapid Amateurs"]
[Site "Dinkelsbuehl"]
[Date "2023.11.11"]
[Round "2"]
[White "Giraud, Valerian"]
[Black "Schumacher, Ralf"]
[Result "1-0"]
[WhiteElo "2080"]
[BlackElo "2146"]
[PlyCount "81"]
[EventDate "2023.11.11"]
[EventType "swiss (rapid)"]
[EventRounds "9"]
[EventCountry "GER"]
[SourceTitle "CB47_2023"]
[SourceDate "2023.11.22"]
[SourceVersion "1"]
[SourceVersionDate "2023.11.22"]
[SourceQuality "1"]

1. d4 Nf6 2. c4 c5 3. d5 b5 4. Nf3 g6 5. Qc2 bxc4 6. e4 d6 7. Bxc4 Bg7 8. Nc3 Nbd7 9. 0-0 0-0 10. Bf4 Ng4 11. Nd2 Rb8 12. Be2 h5 13. h3 Ngf6 14. Bg5 Nh7 15. Bh4 f6 16. Bg3 Qe8 17. Nb5 a6 18. Nc7 Qf7 19. Ne6 Re8 20. f4 Bh8 21. e5 f5 22. Nc7 dxe5 23. fxe5 Nxe5 24. Nxe8 Qxe8 25. b3 Rb4 26. Rae1 Ng5 27. Nc4 Nxc4 28. Bxc4 Ne4 29. Rxe4 fxe4 30. Qxe4 Bf5 31. d6+ Kh7 32. Rxf5 Bd4+ 33. Kh2 gxf5 34. Qxe7+ Qxe7 35. dxe7 h4 36. Bf4 Be3 37. Bxe3 Rb8 38. Bxc5 Re8 39. Bf7 Rxe7 40. Bxe7 Kg7 41. Bc4 1-0

[Event "GER-chT Online Liga 1 GpB"]
[Site "Playchess.com INT"]
[Date "2021.02.24"]
[Round "4.3"]
[White "Giraud, Valerian"]
[Black "Schulz, Michael2222"]
[Result "1/2-1/2"]
[WhiteElo "2064"]
[BlackElo "2095"]
[PlyCount "57"]
[EventDate "2021.01.18"]
[EventType "team-tourn (rapid)"]
[EventRounds "7"]
[EventCountry "GER"]
[SourceTitle "EXT 2022"]
[Source "ChessBase"]
[SourceDate "2021.10.06"]
[SourceVersion "1"]
[SourceVersionDate "2021.10.06"]
[SourceQuality "1"]
[WhiteTeam "Hamburger SK II"]
[BlackTeam "Spandau Zitadelle"]
[WhiteTeamCountry "GER"]
[BlackTeamCountry "GER"]

1. e4 g6 2. Nc3 Bg7 3. f4 c6 4. Bc4 b5 5. Bb3 a5 6. a3 Nh6 7. Nf3 0-0 8. 0-0 e6 9. d3 d5 10. Qe1 f5 11. exd5 exd5 12. Be3 Re8 13. Ne5 Nf7 14. Nxf7 Kxf7 15. Qf2 Be6 16. Bd4 Nd7 17. Rae1 Bxd4 18. Qxd4 Qb6 19. Qxb6 Nxb6 20. d4 Nc4 21. Bxc4 dxc4 22. Re5 Rad8 23. Rd1 Bd5 24. Rde1 Rxe5 25. Rxe5 Be6 26. Ne2 Bd5 27. Nc3 Be6 28. Ne2 Bd5 29. Nc3 1/2-1/2

[Event "GER-chT Online Liga 1 GpB"]
[Site "Playchess.com INT"]
[Date "2021.01.21"]
[Round "1.2"]
[White "Babula, Vlastimil"]
[Black "Giraud, Valerian"]
[Result "1-0"]
[WhiteElo "2559"]
[BlackElo "2064"]
[PlyCount "67"]
[EventDate "2021.01.18"]
[EventType "team-tourn (rapid)"]
[EventRounds "7"]
[EventCountry "GER"]
[SourceTitle "CBM 200 Extra"]
[Source "ChessBase"]
[SourceDate "2021.03.31"]
[SourceVersion "1"]
[SourceVersionDate "2021.03.31"]
[SourceQuality "1"]
[WhiteTeam "Werder Bremen"]
[BlackTeam "Hamburger SK II"]
[WhiteTeamCountry "GER"]
[BlackTeamCountry "GER"]

1. d4 e6 2. c4 d5 3. Nf3 c6 4. e3 Bd6 5. Nc3 f5 6. b3 Nf6 7. Bb2 0-0 8. Bd3 Ne4 9. 0-0 Nd7 10. Ne2 a5 11. Nf4 Qf6 12. a3 Qh6 13. Ne5 Nxe5 14. dxe5 Bc5 15. Rc1 Nxf2 16. Rxf2 Bxe3 17. Qf3 d4 18. c5 g5 19. Ne2 g4 20. Qg3 Bg5 21. Rc4 b5 22. Rxd4 Bh4 23. Bc1 Bxg3 24. Bxh6 Bxe5 25. Rxg4+ Kh8 26. Bxf8 fxg4 27. Bd6 Bb2 28. Rf7 e5 29. Rxh7+ Kg8 30. Re7 a4 31. bxa4 bxa4 32. Bc4+ Kh8 33. Bxe5+ Bxe5 34. Rxe5 1-0

[Event "Blankenese op 3rd"]
[Site "Hamburg"]
[Date "2019.10.04"]
[Round "4"]
[White "Hourigan, Gerrit"]
[Black "Giraud, Valerian"]
[Result "0-1"]
[WhiteElo "2094"]
[BlackElo "2026"]
[PlyCount "78"]
[EventDate "2019.10.03"]
[EventType "swiss"]
[EventRounds "7"]
[EventCountry "GER"]
[SourceTitle "EXT 2023"]
[Source "ChessBase"]
[SourceDate "2022.10.05"]
[SourceVersion "1"]
[SourceVersionDate "2022.10.05"]
[SourceQuality "1"]

1. d4 Nf6 2. c4 e6 3. Nf3 d5 4. g3 Bb4+ 5. Bd2 Be7 6. Bg2 0-0 7. Qc2 c6 8. 0-0 Nbd7 9. Rc1 Ne4 10. Nc3 f5 11. Rab1 a5 12. a3 g5 13. b4 g4 14. Ne1 Nxd2 15. Qxd2 Bg5 16. e3 axb4 17. axb4 Nb6 18. cxd5 cxd5 19. Nd3 Nc4 20. Qe2 Bd7 21. Nxd5 Na3 22. Nc7 Rc8 23. Ra1 Rxc7 24. Rxa3 Bb5 25. Rac3 Rxc3 26. Rxc3 Qb6 27. Qb2 Bxd3 28. Rxd3 Rc8 29. d5 Qb5 30. Rd1 Rd8 31. Qe5 Qd7 32. Rd4 Qd6 33. Qxe6+ Qxe6 34. dxe6 Rxd4 35. exd4 Be7 36. b5 b6 37. Kf1 Bf6 38. d5 Be5 39. Ke2 Kg7 0-1

[Event "Blankenese op 3rd"]
[Site "Hamburg"]
[Date "2019.10.03"]
[Round "1"]
[White "Carstensen, Claas"]
[Black "Giraud, Valerian"]
[Result "0-1"]
[WhiteElo "1563"]
[BlackElo "2026"]
[PlyCount "60"]
[EventDate "2019.10.03"]
[EventType "swiss"]
[EventRounds "7"]
[EventCountry "GER"]
[SourceTitle "EXT 2023"]
[Source "ChessBase"]
[SourceDate "2022.10.05"]
[SourceVersion "1"]
[SourceVersionDate "2022.10.05"]
[SourceQuality "1"]

1. d4 Nf6 2. Nf3 e6 3. Bf4 b6 4. g3 Bb7 5. Bg2 Be7 6. 0-0 0-0 7. Nbd2 Nd5 8. Be5 d6 9. c4 dxe5 10. cxd5 exd4 11. dxe6 fxe6 12. Qb3 Bd5 13. Qd3 c5 14. Ne5 Bf6 15. Bxd5 Qxd5 16. Nef3 Nc6 17. Qe4 Rad8 18. Rad1 e5 19. b3 g6 20. Qxd5+ Rxd5 21. Ne4 Bg7 22. e3 Rxf3 23. Ng5 Rf8 24. Ne6 Rf7 25. Ng5 Re7 26. exd4 exd4 27. Rfe1 Rxg5 28. Rxe7 Nxe7 29. b4 cxb4 30. Rxd4 Bxd4 0-1

[Event "Blankenese op 2nd"]
[Site "Hamburg"]
[Date "2018.10.01"]
[Round "5.7"]
[White "Kotyk, Michael"]
[Black "Giraud, Valerian"]
[Result "1-0"]
[WhiteElo "1984"]
[BlackElo "1994"]
[PlyCount "105"]
[EventDate "2018.09.29"]
[EventType "swiss"]
[EventRounds "7"]
[EventCountry "GER"]
[SourceTitle "EXT 2020"]
[Source "ChessBase"]
[SourceDate "2019.10.17"]
[SourceVersion "1"]
[SourceVersionDate "2019.10.17"]
[SourceQuality "1"]

1. e4 e6 2. d4 d5 3. exd5 exd5 4. Nf3 Nf6 5. Bd3 Bd6 6. Qe2+ Qe7 7. Qxe7+ Kxe7 8. 0-0 Re8 9. Re1+ Kf8 10. Rxe8+ Kxe8 11. Nc3 c6 12. Bg5 Nbd7 13. Re1+ Kf8 14. Ne5 h6 15. Bh4 Bxe5 16. dxe5 g5 17. Bg3 Nh5 18. e6 fxe6 19. Rxe6 Nxg3 20. hxg3 Nc5 21. Rxh6 Nxd3 22. cxd3 Kg7 23. Rh5 Kg6 24. Rh8 b6 25. Rg8+ Kf6 26. f4 gxf4 27. gxf4 Bb7 28. Rxa8 Bxa8 29. g4 c5 30. Kf2 d4 31. Ne2 Bd5 32. a3 a5 33. f5 Kg5 34. Kg3 Bb3 35. Nf4 Bc2 36. Nh3+ Kf6 37. Kf4 Bxd3 38. g5+ Kg7 39. Nf2 Bc2 40. Ke5 d3 41. Ne4 Bb3 42. Kd6 a4 43. Kc6 Bd1 44. Kxb6 Bg4 45. f6+ Kg6 46. Kxc5 Bf5 47. Nd2 Be6 48. Nf3 Kf5 49. Kd4 d2 50. Nxd2 Kxg5 51. Ke5 Bg8 52. Ne4+ Kg6 53. Nc5 1-0

[Event "Blankenese op 2nd"]
[Site "Hamburg"]
[Date "2018.09.30"]
[Round "4.10"]
[White "Giraud, Valerian"]
[Black "Eichstaedt, Enrico"]
[Result "1-0"]
[WhiteElo "1994"]
[BlackElo "1943"]
[PlyCount "129"]
[EventDate "2018.09.29"]
[EventType "swiss"]
[EventRounds "7"]
[EventCountry "GER"]
[SourceTitle "EXT 2020"]
[Source "ChessBase"]
[SourceDate "2019.10.17"]
[SourceVersion "1"]
[SourceVersionDate "2019.10.17"]
[SourceQuality "1"]

1. d4 Nf6 2. c4 c5 3. d5 b5 4. Nf3 d6 5. Qc2 g6 6. e4 Bg7 7. cxb5 a6 8. Nc3 0-0 9. a4 Nbd7 10. bxa6 Bxa6 11. Bxa6 Rxa6 12. 0-0 Qa8 13. Bd2 Nb6 14. b3 Ng4 15. Ra2 Rc8 16. Rfa1 Ne5 17. Nxe5 Bxe5 18. Bc1 e6 19. dxe6 fxe6 20. Bb2 Nd7 21. Nb5 Bxb2 22. Rxb2 d5 23. exd5 exd5 24. Qd1 Nf6 25. Re2 Qc6 26. Rc1 Ne4 27. f3 Nf6 28. Kh1 Re8 29. Rxe8+ Nxe8 30. Qg1 c4 31. Qd4 Qe6 32. bxc4 Rxa4 33. Qxd5 Kf7 34. Re1 Qxd5 35. cxd5 Nf6 36. Nc3 Rc4 37. Ne4 Rd4 38. h4 Rxd5 39. Ng5+ Kf8 40. Re6 Kg7 41. Re7+ Kg8 42. Kh2 Ra5 43. g4 h5 44. Ne4 Ra6 45. Nxf6+ Rxf6 46. Kg3 hxg4 47. fxg4 Kf8 48. Ra7 Kg8 49. Rb7 Kh8 50. Rb5 Kg7 51. Rb7+ Kh8 52. Rb3 Kg7 53. Rf3 Rxf3+ 54. Kxf3 Kf7 55. Ke3 Ke7 56. Kd3 Kd7 57. Kd2 Kd8 58. Kd1 Kd7 59. Ke2 Ke6 60. Kf3 Ke7 61. Ke3 Kf7 62. Kd4 Ke6 63. Ke4 Kf7 64. Ke5 Ke7 65. g5 1-0

[Event "GER-ch U25-A"]
[Site "Willingen"]
[Date "2018.05.25"]
[Round "8"]
[White "Giraud, Valerian"]
[Black "Wachtel, Arthur"]
[Result "1/2-1/2"]
[WhiteElo "2099"]
[BlackElo "1908"]
[PlyCount "44"]
[EventDate "2018.05.19"]
[EventType "swiss"]
[EventRounds "9"]
[EventCountry "GER"]
[SourceTitle "CBM 184 Extra"]
[Source "ChessBase"]
[SourceDate "2018.06.28"]
[SourceVersion "1"]
[SourceVersionDate "2018.06.28"]
[SourceQuality "1"]

1. d4 Nf6 2. c4 g6 3. Nc3 Bg7 4. e4 d6 5. Be2 0-0 6. Nf3 e5 7. 0-0 Nc6 8. d5 Ne7 9. Ne1 Ne8 10. Be3 f5 11. f3 f4 12. Bf2 g5 13. c5 Ng6 14. a4 Rf7 15. a5 h5 16. c6 bxc6 17. dxc6 Be6 18. Nd5 Ne7 19. Bc4 Nxc6 20. Qa4 Nb8 21. Qb3 Qc8 22. Nd3 c6 1/2-1/2

[Event "GER-ch U25-A"]
[Site "Willingen"]
[Date "2018.05.20"]
[Round "2"]
[White "Petersen, Finn Christopher"]
[Black "Giraud, Valerian"]
[Result "0-1"]
[WhiteElo "1886"]
[BlackElo "2099"]
[PlyCount "61"]
[EventDate "2018.05.19"]
[EventType "swiss"]
[EventRounds "9"]
[EventCountry "GER"]
[SourceTitle "CBM 184 Extra"]
[Source "ChessBase"]
[SourceDate "2018.06.28"]
[SourceVersion "1"]
[SourceVersionDate "2018.06.28"]
[SourceQuality "1"]

1. e4 e6 2. d4 d5 3. Nc3 Bb4 4. Nge2 dxe4 5. a3 Be7 6. Nxe4 Nf6 7. N2g3 0-0 8. c3 Nbd7 9. Bd3 b6 10. 0-0 Bb7 11. Qc2 c5 12. dxc5 Nxe4 13. Nxe4 Ne5 14. Nd6 Bxd6 15. cxd6 Qh4 16. Re1 Qg4 17. Bxh7+ Kh8 18. Re4 Bxe4 19. Bxe4 Rad8 20. f3 Qh4 21. g3 Qh5 22. Qf2 f5 23. Bb7 Rf7 24. f4 Nd3 25. Bf3 Qg6 26. Qd4 Nc5 27. Qc4 Rxd6 28. b4 Nd3 29. Be3 e5 30. fxe5 Nxe5 31. Bd5 0-1

[Event "Blankenese op 1st"]
[Site "Hamburg"]
[Date "2017.10.03"]
[Round "2.21"]
[White "Giraud, Valerian"]
[Black "Hamann, Marcus"]
[Result "1-0"]
[WhiteElo "2014"]
[BlackElo "1734"]
[PlyCount "61"]
[EventDate "2017.09.30"]
[EventType "swiss"]
[EventRounds "7"]
[EventCountry "GER"]
[SourceTitle "EXT 2020"]
[Source "ChessBase"]
[SourceDate "2019.10.17"]
[SourceVersion "1"]
[SourceVersionDate "2019.10.17"]
[SourceQuality "1"]

1. d4 f5 2. Bg5 g6 3. Nd2 d5 4. e3 Bg7 5. c4 c6 6. Ngf3 Nf6 7. Be2 0-0 8. 0-0 e6 9. b4 Qe8 10. b5 Ne4 11. Nxe4 fxe4 12. Nd2 cxb5 13. cxd5 exd5 14. Qb3 Qf7 15. Bxb5 Nc6 16. Rac1 Qf5 17. Bf4 Kh8 18. Bg3 Bd7 19. Rc5 Be6 20. Bxc6 bxc6 21. Rxc6 Rfc8 22. Rfc1 h5 23. Qb7 Qg4 24. h3 Qf5 25. a4 a6 26. Nb3 Rf8 27. Rc7 Rab8 28. Qa7 Rxb3 29. Rxg7 Rf7 30. Rxf7 Qxf7 31. Rc7 1-0

[Event "Rostock SSC op 14th"]
[Site "Rostock"]
[Date "2015.08.02"]
[Round "7.13"]
[White "Lechnauer, Uwe"]
[Black "Giraud, Valerian"]
[Result "0-1"]
[WhiteElo "1847"]
[BlackElo "1989"]
[PlyCount "48"]
[EventDate "2015.07.29"]
[EventType "swiss"]
[EventRounds "7"]
[EventCountry "GER"]
[SourceTitle "EXT 2019"]
[Source "ChessBase"]
[SourceDate "2018.10.10"]
[SourceVersion "1"]
[SourceVersionDate "2018.10.10"]
[SourceQuality "1"]

1. e4 e6 2. e5 d5 3. g3 c5 4. c3 Nc6 5. f4 Nh6 6. Bd3 f6 7. Bb5 Be7 8. d4 0-0 9. Bd3 Qb6 10. Nf3 Bd7 11. Qc2 cxd4 12. Bxh7+ Kh8 13. Nh4 f5 14. Bg6 Rfc8 15. Bh5 Bxh4 16. gxh4 dxc3 17. bxc3 d4 18. Rg1 dxc3 19. Rxg7 Rg8 20. Rxg8+ Rxg8 21. Qxc3 Rg1+ 22. Kd2 Nb4 23. Qb3 Qd4+ 24. Ke2 Rg2+ 0-1

[Event "Rostock SSC op 14th"]
[Site "Rostock"]
[Date "2015.08.01"]
[Round "6.5"]
[White "Leisner, Hannes"]
[Black "Giraud, Valerian"]
[Result "1-0"]
[WhiteElo "2244"]
[BlackElo "1989"]
[PlyCount "53"]
[EventDate "2015.07.29"]
[EventType "swiss"]
[EventRounds "7"]
[EventCountry "GER"]
[SourceTitle "EXT 2019"]
[Source "ChessBase"]
[SourceDate "2018.10.10"]
[SourceVersion "1"]
[SourceVersionDate "2018.10.10"]
[SourceQuality "1"]

1. c4 Nf6 2. g3 e6 3. Bg2 d5 4. Nf3 c6 5. 0-0 Bd6 6. b3 e5 7. cxd5 cxd5 8. Nc3 Nc6 9. d3 h6 10. e4 d4 11. Nb5 Be7 12. a4 a6 13. Na3 b5 14. Bd2 Qb6 15. Qc2 Be6 16. axb5 axb5 17. Nc4 Qb8 18. Rxa8 Qxa8 19. Ncxe5 Nxe5 20. Nxe5 0-0 21. Nc6 Bd8 22. Nxd4 Bb6 23. Nxe6 fxe6 24. Bh3 Qa7 25. Bxe6+ Kh8 26. Bb4 Re8 27. Bf5 1-0

[Event "Rostock SSC op 14th"]
[Site "Rostock"]
[Date "2015.07.31"]
[Round "4.3"]
[White "Ackermann, Hans Werner"]
[Black "Giraud, Valerian"]
[Result "1-0"]
[WhiteElo "2297"]
[BlackElo "1989"]
[PlyCount "123"]
[EventDate "2015.07.29"]
[EventType "swiss"]
[EventRounds "7"]
[EventCountry "GER"]
[SourceTitle "EXT 2019"]
[Source "ChessBase"]
[SourceDate "2018.10.10"]
[SourceVersion "1"]
[SourceVersionDate "2018.10.10"]
[SourceQuality "1"]

1. Nf3 Nf6 2. b3 g6 3. Bb2 Bg7 4. e3 0-0 5. Be2 d6 6. c4 e5 7. d3 Nbd7 8. Qc2 Re8 9. Nc3 e4 10. dxe4 Nxe4 11. Nxe4 Bxb2 12. Qxb2 Rxe4 13. h4 Qf6 14. 0-0-0 Qxb2+ 15. Kxb2 a5 16. Nd4 Nc5 17. h5 Re7 18. Bf3 Ne4 19. Bxe4 Rxe4 20. hxg6 fxg6 21. Nb5 Re7 22. Rd4 b6 23. Nc3 Bb7 24. e4 Kg7 25. f3 g5 26. g4 Rf8 27. Rd3 Ref7 28. Rh3 Kg6 29. Ne2 h5 30. gxh5+ Kh6 31. Kc3 Bc8 32. Rg3 Kxh5 33. Kd2 g4 34. f4 Bb7 35. Rge3 Kh4 36. f5 Rg8 37. Ng3 Kg5 38. Re2 Rh7 39. Rde3 Rh3 40. Kd3 Kf4 41. Rg2 Kg5 42. a3 Kf6 43. Rf2 Rgh8 44. Rf4 Kg5 45. Rf1 Kf6 46. Rf4 Kg5 47. Rf2 Kf6 48. Kd4 Re8 49. Rfe2 Re5 50. b4 axb4 51. axb4 Re8 52. b5 Kg5 53. Ra3 Kh4 54. Ra7 Bc8 55. Nf1 Bxf5 56. Rxc7 Rc8 57. Rg7 Re8 58. Rb7 Rh1 59. exf5 Rxe2 60. Rh7+ Kg5 61. Rxh1 Rf2 62. Ng3 1-0

[Event "Rostock SSC op 14th"]
[Site "Rostock"]
[Date "2015.07.31"]
[Round "5.9"]
[White "Giraud, Valerian"]
[Black "Dettmann, Gerd"]
[Result "1/2-1/2"]
[WhiteElo "1989"]
[BlackElo "2156"]
[PlyCount "88"]
[EventDate "2015.07.29"]
[EventType "swiss"]
[EventRounds "7"]
[EventCountry "GER"]
[SourceTitle "EXT 2019"]
[Source "ChessBase"]
[SourceDate "2018.10.10"]
[SourceVersion "1"]
[SourceVersionDate "2018.10.10"]
[SourceQuality "1"]

1. d4 Nf6 2. Nf3 e6 3. g3 c5 4. Bg2 Nc6 5. 0-0 Be7 6. c4 cxd4 7. Nxd4 0-0 8. Nc3 a6 9. b3 Qc7 10. Bb2 b6 11. Rc1 Bc5 12. Nxc6 dxc6 13. Na4 Rd8 14. Be5 Qe7 15. Qc2 Bb7 16. Nxc5 Qxc5 17. Qc3 Qe7 18. c5 bxc5 19. Rfd1 Ne8 20. Qa5 Nf6 21. Qc3 Ne8 22. Qa5 Nf6 23. Bc7 Rd7 24. Rxd7 Qxd7 25. Qb6 Rc8 26. Qxb7 Rxc7 27. Qxa6 h6 28. Qc4 Ra7 29. a4 Rb7 30. Qxc5 Rxb3 31. Bxc6 Qd2 32. Qc2 Qb4 33. Qc4 Qa3 34. Qc2 Rb2 35. Qd1 Ra2 36. Qd8+ Kh7 37. Qd3+ Qxd3 38. exd3 Ng4 39. Rf1 Ne5 40. Bb5 Ra3 41. Rd1 Nf3+ 42. Kg2 Nd4 43. Rb1 Nb3 44. Rb2 Nc5 1/2-1/2

[Event "Rostock SSC op 14th"]
[Site "Rostock"]
[Date "2015.07.29"]
[Round "1.19"]
[White "Giraud, Valerian"]
[Black "Wagner, Ingolf"]
[Result "1-0"]
[WhiteElo "1989"]
[BlackElo "1641"]
[PlyCount "53"]
[EventDate "2015.07.29"]
[EventType "swiss"]
[EventRounds "7"]
[EventCountry "GER"]
[SourceTitle "EXT 2019"]
[Source "ChessBase"]
[SourceDate "2018.10.10"]
[SourceVersion "1"]
[SourceVersionDate "2018.10.10"]
[SourceQuality "1"]

1. d4 Nf6 2. c4 e6 3. Nf3 c5 4. d5 b5 5. Bf4 exd5 6. cxd5 Qa5+ 7. Nc3 Bb7 8. e4 a6 9. Nd2 c4 10. Be2 Bc5 11. 0-0 d6 12. a4 Qb6 13. axb5 axb5 14. Rxa8 Bxa8 15. b3 Bb4 16. Qa1 Bxc3 17. Qxc3 0-0 18. bxc4 Re8 19. Bf3 b4 20. Qb2 Na6 21. e5 Nd7 22. exd6 Nac5 23. Be3 Rb8 24. Ne4 Nd3 25. Qb1 N7c5 26. Be2 Nxe4 27. Bxb6 1-0

[Event "GER-chT U20"]
[Site "Naumburg Saale"]
[Date "2014.12.28"]
[Round "4.3"]
[White "Giraud, Valerian"]
[Black "Hinrichs, Lars"]
[Result "0-1"]
[WhiteElo "1944"]
[BlackElo "2102"]
[PlyCount "104"]
[EventDate "2014.12.27"]
[EventType "team-swiss"]
[EventRounds "7"]
[EventCountry "GER"]
[SourceTitle "EXT 2016"]
[Source "ChessBase"]
[SourceDate "2015.10.08"]
[SourceVersion "1"]
[SourceVersionDate "2015.10.08"]
[SourceQuality "1"]
[WhiteTeam "Bochum"]
[BlackTeam "Hamburger SK"]
[WhiteTeamCountry "GER"]
[BlackTeamCountry "GER"]

1. d4 b6 2. Nf3 Bb7 3. c4 Nf6 4. g3 g6 5. Bg2 Bg7 6. 0-0 0-0 7. Nc3 Ne4 8. Nxe4 Bxe4 9. d5 Na6 10. Nd2 Bxg2 11. Kxg2 c6 12. Rb1 cxd5 13. cxd5 Rc8 14. Nb3 Qc7 15. Be3 Qc2 16. Bd4 Bxd4 17. Qxc2 Rxc2 18. Nxd4 Rc5 19. e4 f5 20. f3 fxe4 21. fxe4 Rxf1 22. Rxf1 Rc4 23. Rd1 Nb4 24. Rd2 a5 25. a3 Na6 26. Kf3 Nc5 27. Ke3 Rc1 28. b4 Rc3+ 29. Kf4 Nd3+ 30. Kg5 axb4 31. Nb5 Rb3 32. axb4 Nxb4 33. Nd4 Rd3 34. Rxd3 Nxd3 35. Kg4 Kf7 36. Kf3 Kf6 37. Ke3 Ne5 38. h3 Nf7 39. Nf3 e5 40. dxe6 Kxe6 41. Kd4 h6 42. Nd2 Ne5 43. Nb1 Nc6+ 44. Kd3 b5 45. Nc3 b4 46. Nd5 Ke5 47. Nb6 d6 48. Nc4+ Ke6 49. Ne3 Ne5+ 50. Kd4 Nf3+ 51. Kd3 h5 52. Nc2 b3 0-1

[Event "GER-chT U20"]
[Site "Naumburg Saale"]
[Date "2014.12.28"]
[Round "3.3"]
[White "Werthmann, Nils"]
[Black "Giraud, Valerian"]
[Result "1/2-1/2"]
[WhiteElo "1873"]
[BlackElo "1944"]
[PlyCount "70"]
[EventDate "2014.12.27"]
[EventType "team-swiss"]
[EventRounds "7"]
[EventCountry "GER"]
[SourceTitle "EXT 2016"]
[Source "ChessBase"]
[SourceDate "2015.10.08"]
[SourceVersion "1"]
[SourceVersionDate "2015.10.08"]
[SourceQuality "1"]
[WhiteTeam "Potsdam USV"]
[BlackTeam "Bochum"]
[WhiteTeamCountry "GER"]
[BlackTeamCountry "GER"]

1. Nf3 Nf6 2. b3 g6 3. Bb2 Bg7 4. d4 0-0 5. Nbd2 d6 6. e3 Nbd7 7. Bd3 e5 8. 0-0 Re8 9. dxe5 Ng4 10. Rb1 Ngxe5 11. Be2 a5 12. a4 Qe7 13. Nc4 Nxc4 14. Bxc4 Bxb2 15. Rxb2 Ne5 16. Nxe5 Qxe5 17. Rb1 Be6 18. Bxe6 Rxe6 19. Qd3 Rae8 20. Rfd1 Kg7 21. Qd5 Qxd5 22. Rxd5 b6 23. Rbd1 f5 24. g3 Kf6 25. h4 Ke7 26. Kg2 Re4 27. h5 Kf6 28. hxg6 hxg6 29. Rh1 Kg7 30. Kf3 Rh8 31. Rxh8 Kxh8 32. Ke2 Kg7 33. Kd3 Kf6 34. Rd4 Re8 35. Kc4 Re5 1/2-1/2

[Event "GER-chT U20"]
[Site "Naumburg Saale"]
[Date "2014.12.27"]
[Round "1.2"]
[White "Giraud, Valerian"]
[Black "Kieslich, Aaron"]
[Result "1-0"]
[WhiteElo "1944"]
[BlackElo "1944"]
[PlyCount "41"]
[EventDate "2014.12.27"]
[EventType "team-swiss"]
[EventRounds "7"]
[EventCountry "GER"]
[SourceTitle "EXT 2016"]
[Source "ChessBase"]
[SourceDate "2015.10.08"]
[SourceVersion "1"]
[SourceVersionDate "2015.10.08"]
[SourceQuality "1"]
[WhiteTeam "Bochum"]
[BlackTeam "Coswig TuS"]
[WhiteTeamCountry "GER"]
[BlackTeamCountry "GER"]

1. d4 Nf6 2. c4 e6 3. Nf3 b6 4. g3 Bb7 5. Bg2 Be7 6. 0-0 0-0 7. d5 exd5 8. Nh4 c6 9. cxd5 Nxd5 10. Nf5 Nc7 11. e4 d5 12. Nc3 Bf6 13. exd5 Bxc3 14. bxc3 Qf6 15. Qc2 Bc8 16. Ne3 Nxd5 17. Bxd5 cxd5 18. Nxd5 Qe5 19. Rd1 Bg4 20. Rd4 Bf5 21. Qxf5 1-0

[Event "Magdeburg op-A"]
[Site "Magdeburg"]
[Date "2014.06.13"]
[Round "8"]
[White "Bart, Simon"]
[Black "Giraud, Valerian"]
[Result "1/2-1/2"]
[WhiteElo "1944"]
[BlackElo "1991"]
[PlyCount "40"]
[EventDate "2014.06.08"]
[EventType "swiss"]
[EventRounds "9"]
[EventCountry "GER"]
[SourceTitle "CBM 160 Extra"]
[Source "ChessBase"]
[SourceDate "2014.07.01"]
[SourceVersion "1"]
[SourceVersionDate "2014.07.01"]
[SourceQuality "1"]

1. e4 e6 2. d4 d5 3. Nc3 Bb4 4. e5 Ne7 5. Nf3 c5 6. a3 Bxc3+ 7. bxc3 Qa5 8. Bd2 Nbc6 9. Be2 Bd7 10. 0-0 0-0 11. Qc1 Qa4 12. Rb1 Rab8 13. Bb5 Qa5 14. c4 Qc7 15. cxd5 exd5 16. Bf4 Be6 17. dxc5 Na5 18. c3 Nc4 19. Bxc4 dxc4 20. Be3 Nd5 1/2-1/2

[Event "Magdeburg op-A"]
[Site "Magdeburg"]
[Date "2014.06.10"]
[Round "4"]
[White "Cremer, Jan Paul"]
[Black "Giraud, Valerian"]
[Result "1-0"]
[WhiteElo "2220"]
[BlackElo "1991"]
[PlyCount "69"]
[EventDate "2014.06.08"]
[EventType "swiss"]
[EventRounds "9"]
[EventCountry "GER"]
[SourceTitle "CBM 160 Extra"]
[Source "ChessBase"]
[SourceDate "2014.07.01"]
[SourceVersion "1"]
[SourceVersionDate "2014.07.01"]
[SourceQuality "1"]

1. e4 e6 2. d4 d5 3. Nd2 c5 4. Ngf3 cxd4 5. Nxd4 Nc6 6. Bb5 Bd7 7. Nxc6 bxc6 8. Bd3 Bd6 9. Qe2 Qc7 10. h3 Nf6 11. 0-0 0-0 12. Re1 e5 13. b3 Rfe8 14. Bb2 Rab8 15. Rad1 a5 16. c4 a4 17. cxd5 cxd5 18. exd5 Nxd5 19. Qe4 Nf6 20. Qh4 Bc6 21. Nc4 Rbd8 22. Nxd6 Rxd6 23. Rxe5 Red8 24. Re3 Be4 25. Be5 Rxd3 26. Bxc7 Rxd1+ 27. Kh2 R8d4 28. Be5 Rh1+ 29. Kg3 Rg1 30. Bxd4 Rxg2+ 31. Kf4 g5+ 32. Qxg5+ Rxg5 33. Kxg5 axb3 34. axb3 Nd5 35. Rxe4 1-0